Sử dụng và bảo dưỡng máy cơ khí nông nghiệp

Salvato in:
Dettagli Bibliografici
Natura: Sách
Lingua:Undetermined
Pubblicazione:  Lao động - Xã hội  2015
Soggetti:
Tags: Aggiungi Tag
Nessun Tag, puoi essere il primo ad aggiungerne! !
Thư viện lưu trữ: Trung tâm Thư viện - Trường Đại học Công nghiệp TP. Hồ Chí Minh
LEADER 00464nam a2200133Ia 4500
001 UIH_05046
008 231011s9999 xx 000 0 und d
082 |a  631.3 
245 0 |a  Sử dụng và bảo dưỡng máy cơ khí nông nghiệp 
260 |b  Lao động - Xã hội 
260 |c  2015 
650 |a  Máy nông nghiệp;  
927 |a Sách 
980 |a Trung tâm Thư viện - Trường Đại học Công nghiệp TP. Hồ Chí Minh